Sóc un assassí / (Record no. 31766)

MARC details
000 -LEADER
campo de control de longitud fija 00600nam a2200205 i 4500
001 - NÚMERO DE CONTROL
campo de control 31766
003 - IDENTIFICADOR DE NÚMERO DE CONTROL
campo de control ES-MaACL
005 - FECHA Y HORA DE LA ÚLTIMA TRANSACCIÓN
campo de control 20250607063014.0
007 - CAMPO FIJO DE DESCRIPCIÓN FÍSICA--INFORMACIÓN GENERAL
campo de control de longitud fija t|
008 - DATOS DE LONGITUD FIJA--INFORMACIÓN GENERAL
campo de control de longitud fija 030130s1957 sp ||||1| cat d
100 1# - ENTRADA PRINCIPAL--NOMBRE DE PERSONA
Nombre de persona Benguerel, Xavier,
Fechas asociadas al nombre 1905-1990
9 (RLIN) 27580
245 10 - MENCIÓN DEL TÍTULO
Título Sóc un assassí /
Mención de responsabilidad, etc. Xavier Benguerel.
250 ## - MENCION DE EDICION
Mención de edición 1ª ed.
260 ## - PUBLICACIÓN, DISTRIBUCIÓN, ETC.
Lugar de publicación, distribución, etc. Barcelona :
Nombre del editor, distribuidor, etc. Alberti,
Fecha de publicación, distribución, etc. [1957]
300 ## - DESCRIPCIÓN FÍSICA
Extensión 163 p. ;
Dimensiones 16 cm.
490 1# - MENCIÓN DE SERIE
Mención de serie "Nova Col-lecció Lletres" ;
Designación de volumen o secuencia 31
830 0# - PUNTO DE ACCESO ADICIONAL DE SERIE-TÍTULO UNIFORME
Título uniforme "Nova Col-lecció Lletres" ;
Designación de volumen o secuencia 31
9 (RLIN) 181916
852 ## - LOCALIZACIÓN
Ubicación ES-MaACL
Número de control de estantería C-18133
Sublocalización o colección R.41219
Holdings
Estatus retirado Estado de pérdida Estado de daño No para préstamo Biblioteca de origen Biblioteca actual Ubicación en estantería Fecha de adquisición Fuente de adquisición Total de préstamos Signatura topográfica completa Código de barras Visto por última vez Precio de reemplazo Tipo de ítem Koha
        Biblioteca del Ateneo de Madrid Biblioteca del Ateneo de Madrid Galería 17/01/2008     C-18133 1032842 23/02/2023 23/02/2023 Libro impreso